Catálogo público

Tables et diagrammes pour l'industrie du froid : extraits des règles pour machines frigorifiques / (Record no. 172196)

MARC details
000 -CABECERA
campo de control de longitud fija 01086nam a2200313Ia 4500
001 - NÚMERO DE CONTROL
campo de control dia_1648
003 - IDENTIFICADOR DEL NÚMERO DE CONTROL
campo de control CHAP
005 - FECHA Y HORA DE LA ÚLTIMA TRANSACCIÓN
campo de control 20251023151414.0
008 - DATOS DE LONGITUD FIJA--INFORMACIÓN GENERAL
campo de control de longitud fija 220117s[19- xx 000 0 und d
010 ## - NÚMERO DE CONTROL DE LA BIBLIOTECA DEL CONGRESO
Número de control de LC 172196
040 ## - FUENTE DE LA CATALOGACIÓN
Centro/agencia transcriptor CHAP
082 ## - NÚMERO DE LA CLASIFICACIÓN DECIMAL DEWEY
Número de clasificación 621.56 T33 [19--]
110 ## - ENTRADA PRINCIPAL--NOMBRE DE ENTIDAD CORPORATIVA
Nombre de entidad corporativa o nombre de jurisdicción como elemento de entrada Institut International Du Froid
9 (RLIN) 151231
245 ## - MENCIÓN DE TÍTULO
Título Tables et diagrammes pour l'industrie du froid : extraits des règles pour machines frigorifiques /
Mención de responsabilidad, etc. Association Allemande du Froid ; traducción C. K. Feniger
260 ## - PUBLICACIÓN, DISTRIBUCIÓN, ETC.
Lugar de publicación, distribución, etc. Francia :
Nombre del editor, distribuidor, etc. Institut International Du Froid,
Fecha de publicación, distribución, etc. [19-
300 ## - DESCRIPCIÓN FÍSICA
Extensión 56 p.
500 ## - NOTA GENERAL
Nota general Material fotocopiado
590 ## - NOTA LOCAL (RLIN)
Nota local TP492.7 T33 [19--]
650 ## - PUNTO DE ACCESO ADICIONAL DE MATERIA--TÉRMINO DE MATERIA
Término de materia o nombre geográfico como elemento de entrada Refrigeración
Subdivisión general Tablas
9 (RLIN) 151232
650 ## - PUNTO DE ACCESO ADICIONAL DE MATERIA--TÉRMINO DE MATERIA
Término de materia o nombre geográfico como elemento de entrada Refrigeradores
9 (RLIN) 95614
650 ## - PUNTO DE ACCESO ADICIONAL DE MATERIA--TÉRMINO DE MATERIA
Término de materia o nombre geográfico como elemento de entrada Refrigeration
Subdivisión general Tables, etc.
9 (RLIN) 151233
650 ## - PUNTO DE ACCESO ADICIONAL DE MATERIA--TÉRMINO DE MATERIA
Término de materia o nombre geográfico como elemento de entrada Refrigerators
9 (RLIN) 151234
700 ## - PUNTO DE ACCESO ADICIONAL--NOMBRE DE PERSONA
Nombre de persona Feniger, C. K., tr.
9 (RLIN) 151235
710 ## - PUNTO DE ACCESO ADICIONAL--NOMBRE DE ENTIDAD CORPORATIVA
Nombre de entidad corporativa o nombre de jurisdicción como elemento de entrada Institut International Du Froid
9 (RLIN) 151231
901 ## - ELEMENTOS DE DATOS A LOCAL LDA (RLIN)
a 621.56 T33 [19--]
902 ## - ELEMENTOS DE DATOS B LOCAL, LDB (RLIN)
a A
905 ## - ELEMENTOS DE DATOS E LOCAL, LDE (RLIN)
a 523227[19--] fr mn 8125223322fre16
942 ## - ELEMENTOS DE PUNTO DE ACCESO ADICIONAL (KOHA)
Tipo de ítem Koha Libro
Fuente del sistema de clasificación o colocación Dewey Decimal Classification
Holdings
Estado de retiro Estado de pérdida Fuente del sistema de clasificación o colocación Estado dañado No para préstamo Código de colección Localización permanente Ubicación/localización actual Ubicación en estantería Fecha de adquisición Información codificada de la localización en otra ubicación Total de préstamos Código de barras Fecha visto por última vez Número de copia Precio válido a partir de Tipo de ítem Koha Fecha del último préstamo
    Dewey Decimal Classification     General Ingenieria Agroindustrial Ingenieria Agroindustrial   18/01/2022 1   dia_001564 18/01/2022 3 18/01/2022 Libro  
    Dewey Decimal Classification     General Ingenieria Agroindustrial Ingenieria Agroindustrial   18/01/2022 1 1 dia_001562 21/09/2023 1 18/01/2022 Libro 21/09/2023
    Dewey Decimal Classification     General Ingenieria Agroindustrial Ingenieria Agroindustrial   18/01/2022 1 1 dia_001563 21/09/2023 2 18/01/2022 Libro 21/09/2023